Spracovanie rádioaktívnych odpadov (Processing radioactive waste) [CD-ROM] : Bakalárska práca

Saved in:
Bibliographic Details
Main Author: Amerstein, Branislav, 1985- (Author)
Other Authors: Peciar, Marián, 1957- (xxx), Pisca, Michal (Opponent)
Format: Manuscript Book
Language:Slovak
Published: Bratislava : STU v Bratislave SjF, 2007
Edition:1. vyd
Subjects:
Tags: Add Tag
No Tags, Be the first to tag this record!

MARC

LEADER 00000ntm a22000003a 4500
001 stu175856
005 20150617225557.3
008 081114s2007----xo------------------slo-d
040 |a STU  |b slo 
041 0 |a slo 
044 |a xo 
100 1 |a Amerstein, Branislav,  |d 1985-  |4 aut  |u J180  |9 100  |U SjF Ústav chemických a hydraulických strojov a zariadení  |T SjF Katedra chemických strojov v zariadení  |X 14216  |U J180  |Y 43  |7 A000014216 
245 1 |a Spracovanie rádioaktívnych odpadov (Processing radioactive waste) [CD-ROM] :  |b Bakalárska práca 
250 |a 1. vyd 
260 |a Bratislava :  |b STU v Bratislave SjF,  |c 2007 
300 |a 48 s 
650 7 |a odpady  |2 stusub 
650 7 |a rádioaktivita  |2 stusub 
650 7 |a jadrové elektrárne  |2 stusub 
650 7 |a životné prostredie  |2 stusub 
650 7 |a Wastes  |2 estusub 
650 7 |a radioactivity  |2 estusub 
650 7 |a nuclear power plants  |2 estusub 
650 7 |a the environment  |2 estusub 
700 1 |a Peciar, Marián,  |d 1957-  |4 xxx  |u J180  |U SjF Ústav chemických a hydraulických strojov a zariadení  |T SjF Katedra chemických strojov v zariadení  |X 2359  |U J180  |Y 43  |7 A000002359 
700 1 |a Pisca, Michal  |4 opn 
996 |b 284J035006  |c J*7/BP  |l JJSK  |s A  |a 24  |w stu175856_0001